000 00541nam a2200169Ia 4500
008 240729s9999 xx 000 0 und d
022 _a1930-3777
245 0 _aStudies in Christian-Jewish Relations
260 _aUnited States
260 _bCenter for Christian-Jewish Learning at Boston College
650 _a Christianity
650 _a Judaism | Philosophy. Psychology. Religion
650 _aPhilosophy. Psychology. Religion
856 _uhttps://doaj.org/toc/031b814c15f8442a91a751c65f88deb3
942 _2ddc
942 _cDOAJEJ
999 _c69328
_d69328
945 _a1
_bMadushi Gamage
_c1
_dMadushi Gamage